000 01037cam a2200289 a 4500
001 15694436
003 SISC
005 20160610110135.0
008 090409s2010 cauab b 001 0 eng
010 _a 2009014357
020 _a9781412925259 (pbk.)
040 _aDLC
_cDLC
_dDLC
050 0 0 _aH61
_b.F639 2010
082 0 0 _a306.44
100 1 _aFranzosi, Roberto.
245 1 0 _aQuantitative narrative analysis /
_cRoberto Franzosi.
260 _aThousand Oaks, California :
_bSAGE,
_c2010.
300 _axvi, 175 pages :
_billustrations ;
_c22 cm.
490 0 _aQuantitative applications in the social sciences ;
_v162
500 _aIncludes bibliographical references and index.
650 0 _aSocial sciences
_xResearch
_xMethodology.
650 0 _aDiscourse analysis, Narrative.
650 0 _aContent analysis (Communication)
906 _a7
_bcbc
_corignew
_d1
_eecip
_f20
_gy-gencatlg
942 _2lcc
_cBK
_kFOR
999 _c275380
_d275380